| 000 | 00646cab a2200205 4500 | ||
|---|---|---|---|
| 001 | WB2314-28 | ||
| 008 | 090401t1987 xxu||||| |||| 00| 0 eng d | ||
| 035 | _a(Sirsi) u55850 | ||
| 041 | _aeng | ||
| 245 | _aHigh-tech user profile | ||
| 260 | _c1987 | ||
| 350 | _a0 | ||
| 490 |
_aChartered Surveyor Weekly _vvol 19 no 1 2/4/87 p8 |
||
| 520 | _aAccording to Hillier Parker `s Hi-tech users report more than half the floorspace in high-tech schemes and science parks is used as offices. | ||
| 650 | _aHIGH TECH DEVELOPMENT | ||
| 650 | _aTENANTS REQUIREMENTS | ||
| 690 | _aPROPERTY-COMMERCIAL PROPERTY | ||
| 942 | _n0 | ||
| 948 | _c04/03/1997 | ||
| 999 |
_c34137 _d34137 |
||